[Event "Barcelona La Lira Spring op 3rd"]
[Site "Barcelona"]
[Date "2010.05.20"]
[Round "6.12"]
[White "Alvarez Garmendia, Jose Maria"]
[Black "Notivoli Bardaji, Carlos"]
[Result "1-0"]
[WhiteElo "1708"]
[BlackElo "1809"]
[PlyCount "101"]
[EventDate "2010.04.15"]
[EventType "swiss"]
[EventRounds "8"]
[EventCountry "ESP"]
[SourceTitle "EXT 2024"]
[Source "ChessBase"]
[SourceDate "2023.10.10"]
[SourceVersion "1"]
[SourceVersionDate "2023.10.10"]
[SourceQuality "1"]

1. e4 d6 2. d4 g6 3. Nf3 Bg7 4. g3 Bg4 5. Bg2 e5 6. d5 Ne7 7. h3 Bd7 8. c4 c5 9. Nc3 0-0 10. 0-0 f5 11. Bg5 h6 12. Bxe7 Qxe7 13. Re1 Na6 14. a3 Nc7 15. b4 cxb4 16. axb4 Na6 17. Rb1 Rac8 18. Qe2 f4 19. g4 Rc7 20. Nb5 Bxb5 21. cxb5 Nb8 22. Rec1 Rfc8 23. Rxc7 Qxc7 24. Ra1 a6 25. Bf1 Bf6 26. h4 Bd8 27. Qb2 Qb6 28. bxa6 Nxa6 29. b5 Nc5 30. Qb4 Nd7 31. Qb2 Qc5 32. g5 Bb6 33. Bh3 Rc7 34. Bxd7 Rxd7 35. Rc1 Qxf2+ 36. Qxf2 Bxf2+ 37. Kxf2 h5 38. b6 Kf7 39. Rc7 Ke7 40. Rxd7+ Kxd7 41. Nd2 Kc8 42. Nc4 Kd7 43. Kf3 Ke7 44. Na5 Kd7 45. Nxb7 Ke7 46. Na5 Kd8 47. Nc4 Kd7 48. b7 Kc7 49. b8Q+ Kxb8 50. Nxd6 Kc7 51. Nf7 1-0

[Event "Barcelona La Lira Spring op 3rd"]
[Site "Barcelona"]
[Date "2010.05.13"]
[Round "5.14"]
[White "Notivoli Bardaji, Carlos"]
[Black "Febrero Perez, Lluis"]
[Result "1-0"]
[WhiteElo "1809"]
[BlackElo "1614"]
[PlyCount "31"]
[EventDate "2010.04.15"]
[EventType "swiss"]
[EventRounds "8"]
[EventCountry "ESP"]
[SourceTitle "EXT 2024"]
[Source "ChessBase"]
[SourceDate "2023.10.10"]
[SourceVersion "1"]
[SourceVersionDate "2023.10.10"]
[SourceQuality "1"]

1. e4 e5 2. Nf3 Nc6 3. d4 exd4 4. c3 dxc3 5. Bc4 cxb2 6. Bxb2 Bb4+ 7. Nc3 Qe7 8. 0-0 Ne5 9. Nd5 Qc5 10. Nxe5 f6 11. Qh5+ g6 12. Nxg6 hxg6 13. Qxh8 Qxc4 14. Qxg8+ Bf8 15. Nxf6+ Ke7 16. Qxc4 1-0

[Event "Barcelona La Lira Spring op 3rd"]
[Site "Barcelona"]
[Date "2010.04.15"]
[Round "1.2"]
[White "Notivoli Bardaji, Carlos"]
[Black "Exposito Amaro, Josue"]
[Result "0-1"]
[WhiteElo "1809"]
[BlackElo "2225"]
[PlyCount "42"]
[EventDate "2010.04.15"]
[EventType "swiss"]
[EventRounds "8"]
[EventCountry "ESP"]
[SourceTitle "EXT 2024"]
[Source "ChessBase"]
[SourceDate "2023.10.10"]
[SourceVersion "1"]
[SourceVersionDate "2023.10.10"]
[SourceQuality "1"]

1. e4 c5 2. Nf3 Nc6 3. d4 cxd4 4. Nxd4 e5 5. Nxc6 bxc6 6. c4 Nf6 7. f3 Bc5 8. Nc3 0-0 9. a3 h6 10. Qe2 Rb8 11. b4 Bd4 12. Bb2 d5 13. exd5 cxd5 14. Nb5 dxc4 15. Nxd4 exd4 16. Qxc4 Qe7+ 17. Qe2 Qd6 18. 0-0-0 Bf5 19. Rxd4 Rbc8+ 20. Kd1 Qc6 21. Qc4 Qa4+ 0-1

[Event "Barcelona La Lira Spring op 1st"]
[Site "Barcelona"]
[Date "2008.05.15"]
[Round "6.7"]
[White "Fernandez Madrid, Carlos"]
[Black "Notivoli Bardaji, Carlos"]
[Result "1-0"]
[WhiteElo "2188"]
[BlackElo "1956"]
[PlyCount "59"]
[EventDate "2008.04.03"]
[EventType "swiss"]
[EventRounds "8"]
[EventCountry "ESP"]
[SourceTitle "EXT 2024"]
[Source "ChessBase"]
[SourceDate "2023.10.10"]
[SourceVersion "1"]
[SourceVersionDate "2023.10.10"]
[SourceQuality "1"]

1. c4 c5 2. Nc3 Nc6 3. g3 g6 4. Bg2 Bg7 5. Nf3 d6 6. 0-0 f5 7. e4 Nd4 8. exf5 Nxf5 9. Ng5 Nf6 10. Qa4+ Bd7 11. Ne6 Qb6 12. Nxg7+ Nxg7 13. Qd1 Bc6 14. Nd5 Bxd5 15. cxd5 0-0-0 16. d3 Kb8 17. a4 Nf5 18. a5 Qb5 19. Re1 h5 20. h3 Rde8 21. Bd2 Nd4 22. Bc3 Nf5 23. Re6 Rhf8 24. Qe2 Nd4 25. Bxd4 cxd4 26. Rxe7 Rc8 27. a6 bxa6 28. Qe6 Qb6 29. Rf7 Rce8 30. Qxf6 1-0

[Event "Barcelona La Lira Spring op 1st"]
[Site "Barcelona"]
[Date "2008.05.08"]
[Round "5.12"]
[White "Notivoli Bardaji, Carlos"]
[Black "Valbuena Castro, Gregorio"]
[Result "1-0"]
[WhiteElo "1956"]
[BlackElo "1854"]
[PlyCount "79"]
[EventDate "2008.04.03"]
[EventType "swiss"]
[EventRounds "8"]
[EventCountry "ESP"]
[SourceTitle "EXT 2024"]
[Source "ChessBase"]
[SourceDate "2023.10.10"]
[SourceVersion "1"]
[SourceVersionDate "2023.10.10"]
[SourceQuality "1"]

1. e4 e5 2. Nf3 Nf6 3. d4 Nxe4 4. Bd3 d5 5. Nxe5 Nc6 6. Nxc6 bxc6 7. 0-0 Qh4 8. Bxe4 dxe4 9. f4 Ba6 10. Qe1 Qxe1 11. Rxe1 f5 12. Be3 Rb8 13. b3 Bb4 14. c3 Bd6 15. b4 Bd3 16. Nd2 Kd7 17. Rec1 Rhg8 18. Kf2 g5 19. g3 gxf4 20. gxf4 Rg4 21. Rg1 Bxf4 22. Rxg4 Bxe3+ 23. Kxe3 fxg4 24. Nxe4 Bxe4 25. Kxe4 Rc8 26. h3 gxh3 27. Rh1 Re8+ 28. Kd3 h5 29. Rxh3 Rh8 30. Ke4 Ke6 31. c4 h4 32. a4 a6 33. a5 Rh5 34. Kf4 Kf6 35. Kg4 Rh8 36. Rxh4 Rxh4+ 37. Kxh4 Kf5 38. b5 cxb5 39. cxb5 Ke6 40. bxa6 1-0

[Event "Barcelona La Lira Spring op 1st"]
[Site "Barcelona"]
[Date "2008.04.24"]
[Round "4.11"]
[White "Flores Linan, Josep Luis"]
[Black "Notivoli Bardaji, Carlos"]
[Result "1-0"]
[WhiteElo "1950"]
[BlackElo "1956"]
[PlyCount "117"]
[EventDate "2008.04.03"]
[EventType "swiss"]
[EventRounds "8"]
[EventCountry "ESP"]
[SourceTitle "EXT 2024"]
[Source "ChessBase"]
[SourceDate "2023.10.10"]
[SourceVersion "1"]
[SourceVersionDate "2023.10.10"]
[SourceQuality "1"]

1. d4 Nf6 2. c4 g6 3. Nc3 d5 4. cxd5 Nxd5 5. e4 Nxc3 6. bxc3 Bg7 7. Bc4 c5 8. Ne2 Nc6 9. Be3 0-0 10. 0-0 Qc7 11. Rc1 Rd8 12. Bf4 e5 13. Bg5 Rd6 14. d5 Qa5 15. Qb3 Nb8 16. Rb1 f6 17. Be3 Na6 18. f4 Nc7 19. a4 Bh6 20. Qa3 b6 21. Kh1 exf4 22. Bxf4 Bxf4 23. Nxf4 Ba6 24. Qb3 Bxc4 25. Qxc4 Qa6 26. Qb3 Re8 27. Rfe1 Qc8 28. c4 Qg4 29. Qe3 g5 30. Nd3 h5 31. h3 Qh4 32. Kh2 g4 33. Qf4 Rd7 34. e5 fxe5 35. Rxe5 Rxe5 36. Nxe5 Rg7 37. Rf1 g3+ 38. Kg1 Qxf4 39. Rxf4 Ne8 40. Rf5 h4 41. Kf1 Nd6 42. Rf4 Re7 43. Rg4+ Rg7 44. Rxh4 Rg5 45. Nf3 Nf5 46. Nxg5 Nxh4 47. Ne4 Nf5 48. Ke2 Nd4+ 49. Ke3 a6 50. h4 Nf5+ 51. Kf3 Nxh4+ 52. Kxg3 Nf5+ 53. Kf4 Nd4 54. Ke5 Kf7 55. Nd6+ Ke7 56. Nf5+ Nxf5 57. Kxf5 b5 58. axb5 axb5 59. cxb5 1-0